Rois et reines du Portugal - Statistiques

Statistiques générales
  • Ce quiz a été pris 12 fois
  • Le résultat moyen est 17 sur 39
Statistiques - réponses
Règne Souverain Surnom Dynastie Fonction % Correct
1578 - 1580 Henrique "le Chaste" Maison de Beja Roi du Portugal
71%
1383 - 1384 Beatriz - Maison de Bourgogne Reine du Portugal
57%
1889 - 1908 Carlos "le Diplomate" Maison de Bragance-Saxe-Cobourg et Gotha Roi du Portugal
57%
1279 - 1325 Denis "le Cultivateur" Maison de Bourgogne Roi du Portugal
57%
1750 - 1777 José "le Réformateur" Maison de Bragance Roi du Portugal
57%
1861 - 1889 Luís I "le Populaire" Maison de Bragance-Saxe-Cobourg et Gotha Roi du Portugal
57%
1495 - 1521 Manuel I "le Fortuné" Maison de Beja Roi du Portugal
57%
1908 - 1910 Manuel II "le Patriote" Maison de Bragance-Saxe-Cobourg et Gotha Roi du Portugal
57%
1777 - 1816 Maria I "la Pieuse" Maison de Bragance Reine du Portugal
57%
1826 - 1853 Maria II "l'Educatrice" Maison de Bragance Reine du Portugal
57%
1357 - 1367 Pedro I "le Justicier" Maison de Bourgogne Roi du Portugal
57%
1683 - 1706 Pedro II "le Pacifique" Maison de Bragance Roi du Portugal
57%
1777 - 1786 Pedro III "le Sacristain" Maison de Bragance Roi du Portugal
57%
1853 - 1861 Pedro V "l'Optimiste" Maison de Bragance-Saxe-Cobourg et Gotha Roi du Portugal
57%
1580 - 1598 Felipe I "le Prudent" Habsbourg Roi d'Espagne et du Portugal
43%
1598 -1621 Felipe II "le Pieux" Habsbourg Roi d'Espagne et du Portugal
43%
1621 - 1640 Felipe III "le Grand" Habsbourg Roi d'Espagne et du Portugal
43%
1367 - 1383 Fernando I "le Beau" Maison de Bourgogne Roi du Portugal
43%
1837 - 1853 Fernando II "le Roi-Artiste" Maison de Bragance Roi du Portugal
43%
1385 - 1433 João I "le Prince de Bonne Mémoire" Maison d'Aviz Roi du Portugal
43%
1481 - 1495 João II "le Prince Parfait" Maison d'Aviz Roi du Portugal
43%
1521 - 1557 João III "le Pieux" Maison de Beja Roi du Portugal
43%
1640 - 1656 João IV "le Restaurateur" Maison de Bragance Roi du Portugal
43%
1706 - 1750 João V "le Magnanime" Maison de Bragance Roi du Portugal
43%
1816 - 1826 João VI "le Clément" Maison de Bragance Roi du Portugal
43%
1908 Luís II "le Prince Royal" Maison de Bragance-Saxe-Cobourg et Gotha Roi du Portugal
43%
1185 - 1211 Sancho I "le Colonisateur" Maison de Bourgogne Roi du Portugal
43%
1223 - 1248 Sancho II "le Pieux" Maison de Bourgogne Roi du Portugal
43%
1139 - 1195 Alfonso I "le Conquérant" Maison de Bourgogne Roi du Portugal
29%
1211 - 1223 Alfonso II "le Gros" Maison de Bourgogne Roi du Portugal
29%
1248 - 1279 Alfonso III "le Boulonnais" Maison de Bourgogne Roi du Portugal
29%
1325 - 1357 Alfonso IV "le Brave" Maison de Bourgogne Roi du Portugal
29%
1438 - 1481 Alfonso V "l'Africain" Maison d'Aviz Roi du Portugal
29%
1656 - 1683 Alfonso VI "le Victorieux" Maison de Bragance Roi du Portugal
29%
1580 Antonio "le Déterminé" Maison de Beja Roi du Portugal
29%
1433 - 1438 Duarte "l'Eloquent" Maison d'Aviz Roi du Portugal
29%
1826 Pedro VI "le Roi-Soldat" Maison de Bragance Roi du Portugal
29%
1828 - 1834 Miguel "l'Usurpateur" Maison de Bragance Roi du Portugal
14%
1557 - 1578 Sebastião "le Désiré" Maison de Beja Roi du Portugal
14%
Aucun quiz correspondant
Distribution des résultats
% des personnes avec chaque résultat
Percentile par nombre de réponses
Votre historique - résultats
Vous n’avez pas pris ce quiz